Jung and the Monotheisms (Record no. 6285)

MARC details
000 -LEADER
fixed length control field 00459nam a2200181 a 4500
020 ## - INTERNATIONAL STANDARD BOOK NUMBER
ISBN 0415149
082 00 - DEWEY DECIMAL CLASSIFICATION NUMBER
Classification number 291.14
Author Cutter RYC
100 ## - MAIN ENTRY--AUTHOR NAME
Author name Ryce, Joel Menuhin
245 ## - TITLE STATEMENT
Title Jung and the Monotheisms
260 ## - PUBLICATION, DISTRIBUTION, ETC. (IMPRINT)
Place of publication London
Name of publisher Routledge Chapman Hall
Year of publication 1994
300 ## - PHYSICAL DESCRIPTION
Number of Pages 274p
500 ## - GENERAL NOTE
General note includes index and biblioraphy
505 2# - FORMATTED CONTENTS NOTE
Formatted contents note Index
650 ## - SUBJECT ADDED ENTRY--TOPICAL TERM
Topical Term Religion-Philosophy
650 ## - SUBJECT ADDED ENTRY--TOPICAL TERM
Topical Term Comparative Religion
942 ## - ADDED ENTRY ELEMENTS (KOHA)
Koha item type Books
700 1# -
-- Ryce, Joel Menuhin
Holdings
Home library Current library Date acquired Cost, normal purchase price Full call number Accession Number Koha item type
Henry Martyn Institute Library Henry Martyn Institute Library 03/19/2007 835.94 291.14 RYC 014920 Books
                   Copyright © 2026 | Henry Martyn Institute | Hyderabad | TS-500052 | INDIA | Implemented by hmi.edu.in
Hit-Count:

Powered by Koha